Visualizzazione normale
Vista MARC
- Rondò Veneziano
di Personal Name
Records bibliografici associati: 1
001 - CONTROL NUMBER
- control field: 15076
003 - CONTROL NUMBER IDENTIFIER
- control field: IT-RoPau
005 - DATE AND TIME OF LATEST TRANSACTION
- control field: 20140303224044.0
008 - FIXED-LENGTH DATA ELEMENTS
- fixed length control field: 140303|| aca||aabn | a|a d
040 ## - CATALOGING SOURCE
- Original cataloging agency: IT-RoPau
- Transcribing agency: IT-RoPau
100 ## - HEADING--PERSONAL NAME
- Personal name: Rondò Veneziano
- Miscellaneous information: Codice interprete SPICS: 11380
- Relator term: Interprete
670 ## - SOURCE DATA FOUND
- Source citation: Work cat.: (IT-RoPau)100914: Rondò Veneziano 15073, Odissea veneziana